[Event "9th Vellmar Chess Days"]
[Site "chess24.com"]
[Date "2017.07.13"]
[Round "1"]
[White "Fischer, Andreas"]
[Black "Tuhacek, Christian"]
[Result "1/2-1/2"]
[Board "36"]
[WhiteElo "1811"]
[WhiteCountry "GER"]
[WhiteFideId "1270053"]
[WhiteEloChange "6"]
[BlackElo "2027"]
[BlackCountry "GER"]
[BlackFideId "24630748"]
[BlackEloChange "-6"]

1. e4 {[%clk 1:30:52]} d6 {[%clk 1:30:49]} 2. f4 {[%clk 1:29:32]} g6 {[%clk
1:29:16]} 3. Bc4 {[%clk 1:28:13]} Bg7 {[%clk 1:28:26]} 4. Nf3 {[%clk 1:27:49]} h6
{[%clk 1:25:01]} 5. Nc3 {[%clk 1:25:03]} Nc6 {[%clk 1:22:27]} 6. a3 {[%clk
1:20:14]} e6 {[%clk 1:22:05]} 7. O-O {[%clk 1:19:40]} Nge7 {[%clk 1:21:43]} 8.
Qe1 {[%clk 1:18:39]} O-O {[%clk 1:17:56]} 9. d3 {[%clk 1:16:24]} Na5 {[%clk
1:11:13]} 10. Ba2 {[%clk 1:15:50]} c5 {[%clk 1:10:49]} 11. Qh4 {[%clk 1:11:02]}
Nec6 {[%clk 1:05:00]} 12. Qh3 {[%clk 1:08:15]} Nd4 {[%clk 0:59:50]} 13. Bb1
{[%clk 1:05:56]} Nac6 {[%clk 0:56:09]} 14. f5 {[%clk 1:02:44]} exf5 {[%clk
0:49:30]} 15. exf5 {[%clk 0:57:51]} Nxf3+ {[%clk 0:43:35]} 16. Rxf3 {[%clk
0:54:54]} Ne5 {[%clk 0:43:34]} 17. Rf1 {[%clk 0:52:53]} Bxf5 {[%clk 0:42:53]} 18.
Qg3 {[%clk 0:51:56]} Qd7 {[%clk 0:36:44]} 19. Nd5 {[%clk 0:49:53]} f6 {[%clk
0:24:37]} 20. Bxh6 {[%clk 0:41:30]} Be6 {[%clk 0:22:04]} 21. Bxg7 {[%clk
0:40:14]} Kxg7 {[%clk 0:22:24]} 22. Nf4 {[%clk 0:40:03]} Rh8 {[%clk 0:20:51]} 23.
c3 {[%clk 0:35:18]} g5 {[%clk 0:17:30]} 24. d4 {[%clk 0:31:07]} cxd4 {[%clk
0:17:52]} 25. cxd4 {[%clk 0:31:31]} Nc4 {[%clk 0:15:53]} 26. d5 {[%clk 0:29:07]}
Bg4 {[%clk 0:13:14]} 27. Nd3 {[%clk 0:23:29]} Nd2 {[%clk 0:10:00]} 28. Re1 {[%clk
0:22:33]} Nxb1 {[%clk 0:07:56]} 29. Raxb1 {[%clk 0:22:50]} Bf5 {[%clk 0:07:49]}
30. Rbc1 {[%clk 0:21:25]} Rh4 {[%clk 0:07:49]} 31. Rc3 {[%clk 0:21:25]} Rhh8
{[%clk 0:07:49]} 32. Rcc1 {[%clk 0:21:25]} Rac8 {[%clk 0:07:49]} 33. Nf4 {[%clk
0:21:25]} Ra8 {[%clk 0:07:49]} 34. Nd3 {[%clk 0:21:25]} Be6 {[%clk 0:07:49]}
1/2-1/2

[Event "9th Vellmar Chess Days"]
[Site "chess24.com"]
[Date "2017.07.13"]
[Round "1"]
[White "Siebarth, Marco"]
[Black "Beyer, Nils"]
[Result "1-0"]
[Board "37"]
[WhiteElo "2024"]
[WhiteCountry "GER"]
[WhiteFideId "24604330"]
[WhiteEloChange "4"]
[BlackElo "1807"]
[BlackCountry "GER"]
[BlackFideId "12995355"]
[BlackEloChange "-4"]

1. e4 {[%clk 1:30:56]} c5 {[%clk 1:30:28]} 2. Nf3 {[%clk 1:31:23]} d6 {[%clk
1:30:42]} 3. d4 {[%clk 1:31:52]} cxd4 {[%clk 1:30:59]} 4. Nxd4 {[%clk 1:32:20]}
Nf6 {[%clk 1:31:14]} 5. Nc3 {[%clk 1:32:49]} a6 {[%clk 1:31:35]} 6. g3 {[%clk
1:33:10]} e6 {[%clk 1:30:45]} 7. Bg2 {[%clk 1:33:39]} Be7 {[%clk 1:30:08]} 8. O-O
{[%clk 1:34:03]} O-O {[%clk 1:30:20]} 9. h3 {[%clk 1:34:14]} Qc7 {[%clk 1:29:10]}
10. Be3 {[%clk 1:34:35]} Bd7 {[%clk 1:25:00]} 11. Qd2 {[%clk 1:34:57]} Nc6 {[%clk
1:24:07]} 12. Nde2 {[%clk 1:35:03]} Ne5 {[%clk 1:18:05]} 13. b3 {[%clk 1:34:19]}
Rac8 {[%clk 1:09:39]} 14. f4 {[%clk 1:34:08]} Ng6 {[%clk 1:07:43]} 15. a4 {[%clk
1:33:03]} Nh5 {[%clk 1:00:30]} 16. Kh2 {[%clk 1:27:06]} Bf6 {[%clk 0:52:20]} 17.
Bd4 {[%clk 1:26:39]} e5 {[%clk 0:50:36]} 18. fxe5 {[%clk 1:22:57]} Bxe5 {[%clk
0:46:20]} 19. Bxe5 {[%clk 1:22:00]} dxe5 {[%clk 0:46:20]} 20. Rac1 {[%clk
1:19:24]} Rfd8 {[%clk 0:39:29]} 21. Nd5 {[%clk 1:15:02]} Bc6 {[%clk 0:33:47]} 22.
Nec3 {[%clk 1:12:57]} Ne7 {[%clk 0:28:49]} 23. Qg5 {[%clk 1:05:43]} Nxd5 {[%clk
0:27:17]} 24. exd5 {[%clk 1:05:47]} Be8 {[%clk 0:25:10]} 25. Ne4 {[%clk 1:04:57]}
g6 {[%clk 0:25:08]} 26. d6 {[%clk 1:04:07]} Qa5 {[%clk 0:17:30]} 27. g4 {[%clk
1:03:27]} Nf4 {[%clk 0:13:40]} 28. Rxf4 {[%clk 1:03:30]} 1-0

[Event "9th Vellmar Chess Days"]
[Site "chess24.com"]
[Date "2017.07.13"]
[Round "1"]
[White "Weber, Andreas"]
[Black "Wiewesiek, Timo"]
[Result "1/2-1/2"]
[Board "38"]
[WhiteElo "1795"]
[WhiteCountry "GER"]
[WhiteFideId "24652504"]
[WhiteEloChange "5"]
[BlackElo "1993"]
[BlackCountry "GER"]
[BlackFideId "12920193"]
[BlackEloChange "-5"]

1. e4 {[%clk 1:30:49]} c6 {[%clk 1:30:56]} 2. d3 {[%clk 1:31:04]} d5 {[%clk
1:31:07]} 3. Nd2 {[%clk 1:31:24]} e5 {[%clk 1:29:19]} 4. Ngf3 {[%clk 1:30:23]}
Bd6 {[%clk 1:28:47]} 5. g3 {[%clk 1:30:09]} Ne7 {[%clk 1:23:54]} 6. Bg2 {[%clk
1:28:48]} O-O {[%clk 1:23:33]} 7. O-O {[%clk 1:29:07]} Nd7 {[%clk 1:18:45]} 8. b3
{[%clk 1:21:56]} Bc7 {[%clk 1:08:12]} 9. Bb2 {[%clk 1:21:50]} f6 {[%clk 1:07:12]}
10. Nh4 {[%clk 1:07:24]} Nc5 {[%clk 0:59:03]} 11. Qe2 {[%clk 0:57:38]} Ne6 {[%clk
0:55:23]} 12. Nhf3 {[%clk 0:48:46]} Bb6 {[%clk 0:42:25]} 13. Rad1 {[%clk
0:34:07]} Qe8 {[%clk 0:39:19]} 14. Rfe1 {[%clk 0:33:45]} Qf7 {[%clk 0:37:34]} 15.
a3 {[%clk 0:31:52]} d4 {[%clk 0:34:53]} 16. Nc4 {[%clk 0:31:12]} Bc7 {[%clk
0:35:14]} 17. c3 {[%clk 0:28:49]} dxc3 {[%clk 0:32:04]} 18. Bxc3 {[%clk 0:29:09]}
c5 {[%clk 0:32:06]} 19. Qb2 {[%clk 0:19:48]} Nd4 {[%clk 0:30:23]} 20. Nxd4 {[%clk
0:18:42]} cxd4 {[%clk 0:30:03]} 21. Bb4 {[%clk 0:18:59]} Rd8 {[%clk 0:23:36]} 22.
a4 {[%clk 0:15:05]} Nc6 {[%clk 0:22:07]} 23. Bd2 {[%clk 0:15:21]} Be6 {[%clk
0:14:31]} 24. Rf1 {[%clk 0:14:11]} Qe7 {[%clk 0:14:15]} 25. f4 {[%clk 0:14:24]}
a6 {[%clk 0:12:39]} 26. fxe5 {[%clk 0:13:36]} fxe5 {[%clk 0:13:03]} 27. Rf2
{[%clk 0:09:20]} b5 {[%clk 0:12:52]} 28. Na3 {[%clk 0:08:39]} Bd6 {[%clk
0:12:54]} 29. Ra1 {[%clk 0:06:14]} bxa4 {[%clk 0:12:07]} 30. bxa4 {[%clk
0:06:24]} Rab8 {[%clk 0:12:19]} 31. Qc1 {[%clk 0:06:44]} Nb4 {[%clk 0:09:50]} 32.
Bg5 {[%clk 0:04:39]} Rdc8 {[%clk 0:07:19]} 33. Qxc8+ {[%clk 0:03:53]} Rxc8 {[%clk
0:07:42]} 34. Bxe7 {[%clk 0:04:19]} Bxe7 {[%clk 0:08:07]} 35. Bf1 {[%clk
0:03:11]} 1/2-1/2

[Event "9th Vellmar Chess Days"]
[Site "chess24.com"]
[Date "2017.07.13"]
[Round "1"]
[White "Hehn, Hartmut"]
[Black "Wohlrabe, Joerg"]
[Result "1-0"]
[Board "39"]
[WhiteElo "2012"]
[WhiteCountry "GER"]
[WhiteFideId "4629027"]
[WhiteEloChange "4"]
[BlackElo "1791"]
[BlackCountry "GER"]
[BlackFideId "4688660"]
[BlackEloChange "-4"]

1. Nf3 {[%clk 1:30:44]} Nf6 {[%clk 1:30:53]} 2. d4 {[%clk 1:31:05]} e6 {[%clk
1:31:16]} 3. g3 {[%clk 1:27:59]} Be7 {[%clk 1:30:58]} 4. Bg2 {[%clk 1:27:52]} d6
{[%clk 1:31:14]} 5. c4 {[%clk 1:26:19]} Nbd7 {[%clk 1:31:34]} 6. Nc3 {[%clk
1:26:30]} a6 {[%clk 1:31:41]} 7. O-O {[%clk 1:25:50]} O-O {[%clk 1:32:03]} 8. Qc2
{[%clk 1:19:39]} Re8 {[%clk 1:31:43]} 9. e4 {[%clk 1:19:34]} Nf8 {[%clk 1:31:47]}
10. e5 {[%clk 1:17:05]} N6d7 {[%clk 1:31:30]} 11. h4 {[%clk 1:12:53]} c6 {[%clk
1:24:50]} 12. Rd1 {[%clk 1:04:04]} dxe5 {[%clk 1:22:10]} 13. dxe5 {[%clk
1:01:25]} Qc7 {[%clk 1:22:20]} 14. Qe4 {[%clk 1:01:10]} Ng6 {[%clk 1:16:24]} 15.
Re1 {[%clk 1:01:09]} Bb4 {[%clk 1:12:36]} 16. Bd2 {[%clk 1:01:07]} Be7 {[%clk
1:03:51]} 17. h5 {[%clk 1:00:53]} Ngf8 {[%clk 0:58:20]} 18. h6 {[%clk 0:51:10]}
Ng6 {[%clk 0:57:39]} 19. hxg7 {[%clk 0:51:18]} Kxg7 {[%clk 0:57:18]} 20. Qe3
{[%clk 0:51:10]} Kg8 {[%clk 0:53:24]} 21. Qh6 {[%clk 0:45:25]} Bf8 {[%clk
0:52:55]} 22. Qh5 {[%clk 0:45:36]} Bg7 {[%clk 0:48:24]} 23. Ng5 {[%clk 0:40:41]}
Ndf8 {[%clk 0:48:38]} 24. f4 {[%clk 0:39:42]} Qb6+ {[%clk 0:41:32]} 25. Be3
{[%clk 0:39:52]} Qc7 {[%clk 0:35:24]} 26. Nce4 {[%clk 0:40:10]} h6 {[%clk
0:26:27]} 27. Nf6+ {[%clk 0:37:42]} Bxf6 {[%clk 0:26:50]} 28. exf6 {[%clk
0:38:04]} Qd8 {[%clk 0:27:02]} 29. Ne4 {[%clk 0:34:17]} Nh7 {[%clk 0:21:49]} 30.
Rad1 {[%clk 0:34:10]} Nxf6 {[%clk 0:19:42]} 31. Rxd8 {[%clk 0:34:17]} 1-0

[Event "9th Vellmar Chess Days"]
[Site "chess24.com"]
[Date "2017.07.13"]
[Round "1"]
[White "Schulze, Nick"]
[Black "Loehnhardt, Benjamin"]
[Result "1/2-1/2"]
[Board "40"]
[WhiteElo "1790"]
[WhiteCountry "GER"]
[WhiteFideId "16212312"]
[WhiteEloChange "6"]
[BlackElo "2009"]
[BlackCountry "GER"]
[BlackFideId "4646428"]
[BlackEloChange "-6"]

1. e4 {[%clk 1:30:54]} c6 {[%clk 1:30:19]} 2. d4 {[%clk 1:31:18]} d5 {[%clk
1:30:43]} 3. Nc3 {[%clk 1:31:42]} a6 {[%clk 1:30:44]} 4. Nf3 {[%clk 1:31:21]} Bg4
{[%clk 1:31:04]} 5. Be2 {[%clk 1:30:29]} e6 {[%clk 1:29:15]} 6. O-O {[%clk
1:27:23]} Nf6 {[%clk 1:28:35]} 7. Bg5 {[%clk 1:23:47]} h6 {[%clk 1:27:04]} 8.
Bxf6 {[%clk 1:21:43]} gxf6 {[%clk 1:24:10]} 9. exd5 {[%clk 1:19:44]} cxd5 {[%clk
1:24:23]} 10. Re1 {[%clk 1:19:48]} Nc6 {[%clk 1:23:50]} 11. Nh4 {[%clk 1:15:46]}
Bxe2 {[%clk 1:22:53]} 12. Rxe2 {[%clk 1:16:02]} Be7 {[%clk 1:22:52]} 13. Re3
{[%clk 1:11:54]} f5 {[%clk 1:15:40]} 14. Nf3 {[%clk 1:11:46]} Bf6 {[%clk
1:15:48]} 15. Ne2 {[%clk 1:07:12]} Qb6 {[%clk 1:10:56]} 16. b3 {[%clk 0:59:49]}
O-O-O {[%clk 1:07:36]} 17. Rb1 {[%clk 0:57:35]} Rhg8 {[%clk 1:03:56]} 18. c4
{[%clk 0:54:35]} Rg4 {[%clk 0:58:22]} 19. c5 {[%clk 0:51:55]} Qb4 {[%clk
0:54:20]} 20. a3 {[%clk 0:46:32]} Qxa3 {[%clk 0:52:25]} 21. Ra1 {[%clk 0:44:20]}
Qb2 {[%clk 0:52:04]} 22. Rd3 {[%clk 0:43:46]} Re4 {[%clk 0:41:32]} 23. Rd2 {[%clk
0:38:27]} Rxe2 {[%clk 0:41:23]} 24. Rxe2 {[%clk 0:38:51]} Qc3 {[%clk 0:41:35]}
25. Ra4 {[%clk 0:38:42]} Rg8 {[%clk 0:39:52]} 26. Re3 {[%clk 0:32:46]} Qb2 {[%clk
0:39:45]} 27. Rd3 {[%clk 0:32:25]} Rg4 {[%clk 0:37:07]} 28. h3 {[%clk 0:25:35]}
Re4 {[%clk 0:36:34]} 29. Rd2 {[%clk 0:23:38]} Qc3 {[%clk 0:36:39]} 30. Rd3 {[%clk
0:17:40]} 1/2-1/2

[Event "9th Vellmar Chess Days"]
[Site "chess24.com"]
[Date "2017.07.13"]
[Round "1"]
[White "Braun, Ingram"]
[Black "Reichelt, Ole"]
[Result "1/2-1/2"]
[Board "41"]
[WhiteElo "2003"]
[WhiteCountry "GER"]
[WhiteFideId "24657816"]
[WhiteEloChange "-6"]
[BlackElo "1736"]
[BlackCountry "GER"]
[BlackFideId "12965073"]
[BlackEloChange "6"]

1. e4 {[%clk 1:30:57]} e6 {[%clk 1:30:57]} 2. d4 {[%clk 1:31:23]} d5 {[%clk
1:31:26]} 3. e5 {[%clk 1:31:49]} c5 {[%clk 1:31:51]} 4. c3 {[%clk 1:32:16]} Nc6
{[%clk 1:32:02]} 5. Nf3 {[%clk 1:32:39]} Qb6 {[%clk 1:32:02]} 6. a3 {[%clk
1:32:59]} c4 {[%clk 1:31:58]} 7. Nbd2 {[%clk 1:32:46]} Na5 {[%clk 1:30:37]} 8. g3
{[%clk 1:33:02]} Bd7 {[%clk 1:29:08]} 9. h4 {[%clk 1:33:12]} Ne7 {[%clk 1:28:07]}
10. Bh3 {[%clk 1:32:06]} h6 {[%clk 1:25:31]} 11. O-O {[%clk 1:32:05]} O-O-O
{[%clk 1:24:30]} 12. Re1 {[%clk 1:32:12]} Rg8 {[%clk 1:14:57]} 13. Nf1 {[%clk
1:21:27]} Nb3 {[%clk 1:11:28]} 14. Rb1 {[%clk 1:21:43]} Nxc1 {[%clk 1:03:22]} 15.
Qxc1 {[%clk 1:22:06]} Nc6 {[%clk 1:02:04]} 16. Qf4 {[%clk 1:06:54]} Be8 {[%clk
1:02:06]} 17. N1d2 {[%clk 0:52:01]} Na5 {[%clk 1:01:05]} 18. Kg2 {[%clk 0:41:43]}
Be7 {[%clk 1:01:05]} 1/2-1/2

[Event "9th Vellmar Chess Days"]
[Site "chess24.com"]
[Date "2017.07.13"]
[Round "1"]
[White "Rehbein, Ullrich"]
[Black "Niebergall, Gerhard"]
[Result "1/2-1/2"]
[Board "42"]
[WhiteElo "1788"]
[WhiteCountry "GER"]
[WhiteFideId "4681037"]
[WhiteEloChange "5"]
[BlackElo "2001"]
[BlackCountry "GER"]
[BlackFideId "4624203"]
[BlackEloChange "-5"]

1. d4 {[%clk 1:30:57]} d5 {[%clk 1:28:40]} 2. Nf3 {[%clk 1:30:39]} Nf6 {[%clk
1:26:10]} 3. Bf4 {[%clk 1:30:54]} c5 {[%clk 1:26:28]} 4. e3 {[%clk 1:31:20]} Nc6
{[%clk 1:25:39]} 5. c4 {[%clk 1:24:28]} g6 {[%clk 1:10:34]} 6. h3 {[%clk
1:23:04]} Bg7 {[%clk 1:07:12]} 7. Be2 {[%clk 1:21:06]} O-O {[%clk 1:02:49]} 8.
Nc3 {[%clk 1:11:54]} cxd4 {[%clk 1:02:47]} 9. exd4 {[%clk 1:12:22]} Be6 {[%clk
1:01:07]} 10. O-O {[%clk 1:01:19]} dxc4 {[%clk 0:50:48]} 11. Rc1 {[%clk 0:55:20]}
Nd5 {[%clk 0:46:15]} 12. Bg3 {[%clk 0:52:01]} Nxc3 {[%clk 0:43:23]} 13. bxc3
{[%clk 0:52:09]} b5 {[%clk 0:43:13]} 14. a4 {[%clk 0:44:12]} a6 {[%clk 0:43:38]}
15. Rb1 {[%clk 0:42:27]} Bf5 {[%clk 0:41:51]} 16. axb5 {[%clk 0:40:18]} Bxb1
{[%clk 0:41:27]} 17. bxc6 {[%clk 0:38:03]} Ba2 {[%clk 0:40:27]} 18. Ne5 {[%clk
0:34:50]} Bb3 {[%clk 0:37:08]} 19. Qc1 {[%clk 0:32:02]} Bxe5 {[%clk 0:37:08]} 20.
Bxe5 {[%clk 0:29:48]} f6 {[%clk 0:37:26]} 21. c7 {[%clk 0:27:34]} Qe8 {[%clk
0:25:42]} 22. Bg3 {[%clk 0:26:02]} e5 {[%clk 0:21:23]} 23. Re1 {[%clk 0:24:04]}
e4 {[%clk 0:16:18]} 24. f3 {[%clk 0:19:48]} e3 {[%clk 0:08:29]} 25. Bf1 {[%clk
0:18:22]} Rf7 {[%clk 0:08:52]} 26. Qxe3 {[%clk 0:17:32]} Qxe3+ {[%clk 0:08:54]}
27. Rxe3 {[%clk 0:18:01]} Rc8 {[%clk 0:09:00]} 28. Re6 {[%clk 0:16:39]} a5 {[%clk
0:01:23]} 29. Rb6 {[%clk 0:16:45]} Rfxc7 {[%clk 0:01:28]} 30. Bxc7 {[%clk
0:16:45]} Rxc7 {[%clk 0:01:28]} 31. Ra6 {[%clk 0:14:42]} a4 {[%clk 0:01:57]} 32.
f4 {[%clk 0:14:35]} Kf7 {[%clk 0:02:24]} 33. Be2 {[%clk 0:14:28]} Re7 {[%clk
0:02:44]} 34. Kf2 {[%clk 0:14:26]} f5 {[%clk 0:03:13]} 35. Bf3 {[%clk 0:14:32]}
Kg7 {[%clk 0:02:19]} 36. d5 {[%clk 0:13:26]} Rd7 {[%clk 0:01:30]} 37. d6 {[%clk
0:12:16]} a3 {[%clk 0:01:33]} 38. Rxa3 {[%clk 0:10:35]} Rxd6 {[%clk 0:02:01]} 39.
Ra7+ {[%clk 0:09:10]} Kf6 {[%clk 0:02:22]} 40. Be2 {[%clk 0:03:30]} Rd2 {[%clk
0:02:32]} 41. Ra6+ {[%clk 0:02:21]} Ke7 {[%clk 0:02:40]} 42. Rc6 {[%clk 0:27:25]}
Bd1 {[%clk 0:27:56]} 43. Ke1 {[%clk 0:27:34]} Rxe2+ {[%clk 0:28:13]} 44. Kxd1
{[%clk 0:28:00]} Re4 {[%clk 0:25:40]} 45. g3 {[%clk 0:27:32]} Kd7 {[%clk
0:25:44]} 46. Rc5 {[%clk 0:27:31]} Kd6 {[%clk 0:26:04]} 47. Rc8 {[%clk 0:27:36]}
Re3 {[%clk 0:23:24]} 48. Rxc4 {[%clk 0:22:56]} Rxg3 {[%clk 0:23:44]} 49. h4
{[%clk 0:22:13]} Rh3 {[%clk 0:23:21]} 50. Ke2 {[%clk 0:20:31]} Rxh4 {[%clk
0:23:14]} 51. Kf3 {[%clk 0:20:48]} Rh3+ {[%clk 0:22:44]} 52. Kg2 {[%clk 0:21:16]}
Rd3 {[%clk 0:20:10]} 53. Rc8 {[%clk 0:21:16]} Kd7 {[%clk 0:19:45]} 54. Rh8 {[%clk
0:20:17]} Rxc3 {[%clk 0:18:28]} 55. Rxh7+ {[%clk 0:20:42]} Ke6 {[%clk 0:18:39]}
56. Rg7 {[%clk 0:17:06]} Kd5 {[%clk 0:18:57]} 57. Rxg6 {[%clk 0:17:28]} Ke4
{[%clk 0:19:21]} 58. Ra6 {[%clk 0:16:16]} Kxf4 {[%clk 0:19:25]} 59. Ra4+ {[%clk
0:16:20]} Kg5 {[%clk 0:19:36]} 60. Ra5 {[%clk 0:16:04]} Kg4 {[%clk 0:19:52]} 61.
Ra4+ {[%clk 0:16:33]} f4 {[%clk 0:19:44]} 62. Ra8 {[%clk 0:16:34]} Rc2+ {[%clk
0:19:55]} 63. Kf1 {[%clk 0:15:41]} Kg3 {[%clk 0:18:21]} 64. Rg8+ {[%clk 0:12:06]}
Kf3 {[%clk 0:18:22]} 65. Kg1 {[%clk 0:10:58]} Rc1+ {[%clk 0:12:39]} 66. Kh2
{[%clk 0:11:27]} Ke2 {[%clk 0:12:48]} 67. Ra8 {[%clk 0:11:27]} Rd1 {[%clk
0:08:17]} 68. Re8+ {[%clk 0:08:27]} Kf2 {[%clk 0:08:11]} 69. Ra8 {[%clk 0:08:40]}
Re1 {[%clk 0:08:14]} 70. Ra2+ {[%clk 0:08:43]} Re2 {[%clk 0:08:27]} 71. Ra4
{[%clk 0:09:04]} f3 {[%clk 0:05:55]} 72. Ra1 {[%clk 0:08:44]} Re1 {[%clk
0:05:22]} 73. Ra2+ {[%clk 0:09:13]} Re2 {[%clk 0:04:20]} 74. Ra1 {[%clk 0:09:35]}
Ke3+ {[%clk 0:04:22]} 75. Kg1 {[%clk 0:07:31]} Kf4 {[%clk 0:02:34]} 76. Kf1
{[%clk 0:06:30]} Rb2 {[%clk 0:02:25]} 77. Ra8 {[%clk 0:06:17]} Rb1+ {[%clk
0:02:09]} 78. Kf2 {[%clk 0:06:46]} Rb2+ {[%clk 0:02:28]} 79. Kf1 {[%clk 0:07:15]}
Rb5 {[%clk 0:02:24]} 80. Kf2 {[%clk 0:07:21]} Rb2+ {[%clk 0:02:20]} 81. Kf1
{[%clk 0:07:50]} 1/2-1/2

[Event "9th Vellmar Chess Days"]
[Site "chess24.com"]
[Date "2017.07.13"]
[Round "1"]
[White "Doerge, Sven"]
[Black "Woellenstein, Sebastian"]
[Result "1-0"]
[Board "43"]
[WhiteElo "2000"]
[WhiteCountry "GER"]
[WhiteFideId "24657638"]
[WhiteEloChange "4"]
[BlackElo "1736"]
[BlackCountry "GER"]
[BlackFideId "12974706"]
[BlackEloChange "-4"]

1. e4 {[%clk 1:30:54]} c5 {[%clk 1:30:58]} 2. Nf3 {[%clk 1:31:11]} d6 {[%clk
1:31:25]} 3. c3 {[%clk 1:30:53]} Nf6 {[%clk 1:31:15]} 4. Na3 {[%clk 1:28:56]} g6
{[%clk 1:30:10]} 5. d3 {[%clk 1:27:39]} Bg7 {[%clk 1:30:24]} 6. Bd2 {[%clk
1:26:20]} Nc6 {[%clk 1:30:29]} 7. Be2 {[%clk 1:26:01]} O-O {[%clk 1:29:15]} 8.
Qc1 {[%clk 1:24:43]} Re8 {[%clk 1:28:56]} 9. Bh6 {[%clk 1:22:07]} Bh8 {[%clk
1:29:19]} 10. h4 {[%clk 1:21:12]} d5 {[%clk 1:27:08]} 11. Ng5 {[%clk 1:09:27]} c4
{[%clk 1:19:42]} 12. h5 {[%clk 1:05:48]} cxd3 {[%clk 1:17:32]} 13. hxg6 {[%clk
1:04:17]} fxg6 {[%clk 1:17:07]} 14. Bxd3 {[%clk 1:04:09]} Ne5 {[%clk 1:16:11]}
15. Bb5 {[%clk 1:00:18]} Bd7 {[%clk 1:15:54]} 16. Qf4 {[%clk 0:56:49]} Nxe4
{[%clk 1:15:54]} 17. Nxe4 {[%clk 0:49:47]} Bxb5 {[%clk 1:03:04]} 18. O-O-O {[%clk
0:49:40]} Nd3+ {[%clk 0:57:18]} 19. Rxd3 {[%clk 0:49:58]} Bxd3 {[%clk 0:57:44]}
20. Ng5 {[%clk 0:48:02]} Bf5 {[%clk 0:57:13]} 21. g4 {[%clk 0:45:44]} e5 {[%clk
0:57:37]} 22. Qf3 {[%clk 0:44:24]} e4 {[%clk 0:57:54]} 23. Qh3 {[%clk 0:44:20]}
Be6 {[%clk 0:55:03]} 24. Nxh7 {[%clk 0:43:23]} Qc8 {[%clk 0:54:54]} 25. Bd2
{[%clk 0:42:23]} Bxg4 {[%clk 0:49:45]} 26. Nf6+ {[%clk 0:42:27]} Kf7 {[%clk
0:46:06]} 27. Nxg4 {[%clk 0:42:14]} Bg7 {[%clk 0:45:34]} 28. Nb5 {[%clk 0:41:24]}
Qc5 {[%clk 0:43:27]} 29. Nh6+ {[%clk 0:39:30]} Bxh6 {[%clk 0:40:06]} 30. Qxh6
{[%clk 0:36:36]} Qxb5 {[%clk 0:39:18]} 31. Qh7+ {[%clk 0:35:07]} Ke6 {[%clk
0:12:29]} 32. Qxg6+ {[%clk 0:35:16]} Kd7 {[%clk 0:12:50]} 33. Rh7+ {[%clk
0:34:12]} Re7 {[%clk 0:10:30]} 34. Qg4+ {[%clk 0:34:24]} Kd6 {[%clk 0:04:42]} 35.
Bf4+ {[%clk 0:34:11]} Re5 {[%clk 0:03:57]} 36. Qg6+ {[%clk 0:34:10]} Kc5 {[%clk
0:04:11]} 37. Rc7+ {[%clk 0:34:26]} Qc6 {[%clk 0:04:24]} 38. Rxc6+ {[%clk
0:34:53]} 1-0

[Event "9th Vellmar Chess Days"]
[Site "chess24.com"]
[Date "2017.07.13"]
[Round "1"]
[White "Wehr, Alexander"]
[Black "Lesny, Florian"]
[Result "0-1"]
[Board "44"]
[WhiteElo "1785"]
[WhiteCountry "GER"]
[WhiteFideId "24628913"]
[WhiteEloChange "-5"]
[BlackElo "1997"]
[BlackCountry "GER"]
[BlackFideId "12973874"]
[BlackEloChange "5"]

1. c4 {[%clk 1:30:55]} c5 {[%clk 1:30:51]} 2. Nc3 {[%clk 1:31:11]} Nc6 {[%clk
1:31:14]} 3. g3 {[%clk 1:31:22]} g6 {[%clk 1:31:37]} 4. Bg2 {[%clk 1:31:38]} Bg7
{[%clk 1:32:00]} 5. e3 {[%clk 1:31:50]} e6 {[%clk 1:30:10]} 6. Nge2 {[%clk
1:31:44]} Nge7 {[%clk 1:26:07]} 7. O-O {[%clk 1:29:39]} O-O {[%clk 1:19:08]} 8.
d4 {[%clk 1:16:23]} d6 {[%clk 1:15:07]} 9. Rb1 {[%clk 1:09:27]} cxd4 {[%clk
1:04:25]} 10. exd4 {[%clk 1:08:38]} Nf5 {[%clk 0:58:34]} 11. d5 {[%clk 1:08:14]}
Ncd4 {[%clk 0:55:38]} 12. Nxd4 {[%clk 1:00:29]} Nxd4 {[%clk 0:55:01]} 13. Ne2
{[%clk 1:00:12]} Nxe2+ {[%clk 0:51:00]} 14. Qxe2 {[%clk 1:00:28]} exd5 {[%clk
0:49:41]} 15. Bxd5 {[%clk 0:58:20]} Bf5 {[%clk 0:49:53]} 16. Ra1 {[%clk 0:58:45]}
Re8 {[%clk 0:42:42]} 17. Be3 {[%clk 0:53:42]} Qe7 {[%clk 0:36:04]} 18. Qd2 {[%clk
0:52:06]} Be4 {[%clk 0:31:46]} 19. Bd4 {[%clk 0:48:50]} Bxd5 {[%clk 0:29:23]} 20.
cxd5 {[%clk 0:49:08]} Bxd4 {[%clk 0:27:47]} 21. Qxd4 {[%clk 0:49:32]} Qe5 {[%clk
0:26:47]} 22. Qd2 {[%clk 0:45:02]} Rac8 {[%clk 0:23:00]} 23. Rfe1 {[%clk
0:45:05]} Qf5 {[%clk 0:18:14]} 24. Rxe8+ {[%clk 0:42:50]} Rxe8 {[%clk 0:18:39]}
25. Qd4 {[%clk 0:28:04]} Qe4 {[%clk 0:13:32]} 26. Qxe4 {[%clk 0:21:48]} Rxe4
{[%clk 0:14:00]} 27. Rc1 {[%clk 0:22:08]} Re2 {[%clk 0:10:50]} 28. b3 {[%clk
0:22:33]} Rxa2 {[%clk 0:10:22]} 29. Rc7 {[%clk 0:22:58]} b6 {[%clk 0:09:09]} 30.
Rd7 {[%clk 0:21:55]} Ra3 {[%clk 0:08:56]} 31. b4 {[%clk 0:21:50]} Ra4 {[%clk
0:08:48]} 32. Kf1 {[%clk 0:18:55]} Rxb4 {[%clk 0:07:52]} 33. Rxa7 {[%clk
0:19:15]} Rb5 {[%clk 0:07:24]} 34. Rb7 {[%clk 0:19:35]} Kg7 {[%clk 0:06:56]} 35.
Ke2 {[%clk 0:19:50]} Kf6 {[%clk 0:06:54]} 36. h3 {[%clk 0:20:05]} Rxd5 {[%clk
0:04:33]} 37. Rxb6 {[%clk 0:20:27]} Ke6 {[%clk 0:04:48]} 38. Ke3 {[%clk 0:20:37]}
Ra5 {[%clk 0:04:45]} 39. h4 {[%clk 0:20:05]} h5 {[%clk 0:04:47]} 40. Kf4 {[%clk
0:18:47]} f6 {[%clk 0:04:01]} 41. Ke4 {[%clk 0:15:15]} Ra4+ {[%clk 0:03:01]} 42.
Ke3 {[%clk 0:15:31]} Ke5 {[%clk 0:01:02]} 43. f4+ {[%clk 0:14:06]} Ke6 {[%clk
0:27:12]} 44. f5+ {[%clk 0:41:37]} gxf5 {[%clk 0:20:37]} 45. Rb8 {[%clk 0:40:32]}
f4+ {[%clk 0:20:11]} 0-1